Les 10 villes les plus peuplées du Morbihan (56) - Statistiques

Statistiques générales
  • Ce quiz a été pris 55 fois
  • Le résultat moyen est 6 sur 10
Statistiques - réponses
Population Communes % Correct
55 000 Vannes
100%
58 200 Lorient
98%
14 400 Auray
79%
14 500 Pontivy
76%
10 000 Ploërmel
60%
23 200 Lanester
57%
15 800 Hennebont
55%
18 900 Ploemeur
45%
12 200 Saint-Avé
40%
12 200 Guidel
31%
Aucun quiz correspondant
Distribution des résultats
% des personnes avec chaque résultat
Percentile par nombre de réponses
Votre historique - résultats
Vous n’avez pas pris ce quiz